Cartilla de historia de México : (Record no. 6891)

MARC details
000 -CABECERA
campo de control de longitud fija 00650nam a2200193 a 4500
005 - FECHA Y HORA DE LA ÚLTIMA TRANSACCIÓN
campo de control 20220608065423.0
008 - ELEMENTOS DE LONGITUD FIJA--INFORMACIÓN GENERAL
campo de control de longitud fija 991125s1893 mx 000 0 spa u
035 ## - NÚMERO DE CONTROL DEL SISTEMA
Número de control de sistema UPN01000006891
049 ## - COLECCIÓN
Colección LT
050 #4 - SIGNATURA TOPOGRÁFICA DE LA BIBLIOTECA DEL CONGRESO
Número de clasificación LB1582 M6
Número de documento/Ítem R5.2 1893
100 1# - ASIENTO PRINCIPAL--NOMBRE PERSONAL
Nombre de persona Rivera Cambas, Manuel,
Fechas asociadas al nombre 1840-1917
9 (RLIN) 29428
245 10 - MENCIÓN DE TÍTULO
Título Cartilla de historia de México :
Resto del título historia antigua /
Mención de responsabilidad, etc. por Manuel Rivera Cambas.
260 ## - PUBLICACIÓN, DISTRIBUCIÓN, ETC.
Lugar de publicación, distribución, etc. México :
Nombre del editor, distribuidor, etc. Murguía,
Fecha de publicación, distribución, etc. 1893.
300 ## - DESCRIPCIÓN FÍSICA
Extensión 47 p. :
Otras características físicas il.
500 ## - NOTA GENERAL
Nota general "Para uso de las escuelas de la República"
500 ## - NOTA GENERAL
Nota general "Dividida en tres cuadernos"
651 #4 - ASIENTO SECUNDARIO DE MATERIA - NOMBRE GEOGRAFICO
Nombre geográfico México
Subdivisión general Historia
-- Estudio y enseñanza (Elemental)
9 (RLIN) 5376
905 ## - TIPO DE MATERIAL
Tipo de material Libro
Holdings
Estado de retiro Estado de pérdida Fuente del sistema de clasificación o colocación Estado dañado No para préstamo Código de colección Localización permanente Ubicación/localización actual Ubicación en estantería Total de préstamos Clasificación Código de barras Fecha visto por última vez Número de copia Tipo de ítem Koha
    Library of Congress Classification   Coleccion LT Libros de texto Bib. Gregorio Torres Quintero Bib. Gregorio Torres Quintero Libros de Texto   LB1582 M6 R5.2 1893 125212 31/12/2020 1 Libro